Déficit habitacional y demanda a los programas de vivienda del sector público.

Bibliographic Details
Main Author: MIDEPLAN
Format: Libro
Language:English
Published: Santiago, Chile Mideplan 2000
Series:Resultados encuesta casen 1998. División Social 18
Subjects:

MARC

LEADER 00000cam a2200000 a 4500
001 013458
003 UAHC_CL
005 20170803121022.0
008 010822b xx j 000 1 eng
040 |a UAHC_CL  |c UAHC_CL  |d UAHC_CL 
100 1 |a MIDEPLAN 
245 1 0 |a Déficit habitacional y demanda a los programas de vivienda del sector público. 
260 |b Mideplan  |c 2000  |a Santiago, Chile 
300 |a 89 p. 
490 0 |a Resultados encuesta casen 1998. División Social  |v 18 
650 4 |a VIVIENDA 
650 4 |a POLITICA HABITACIONAL 
900 |a 363.5 DEF 
942 |c BK 
952 |0 0  |1 0  |4 0  |6 363_500000000000000_DEF  |7 0  |8 General  |9 27063  |a BC  |b BC  |c General  |d 2017-08-03  |l 0  |o 363.5 DEF  |p 1314413  |r 2026-01-13 00:00:00  |t 1  |w 2017-08-03  |y BK 
952 |0 0  |1 0  |4 0  |6 363_500000000000000_DEF  |7 0  |8 General  |9 27064  |a BC  |b BC  |c General  |d 2017-08-03  |l 0  |o 363.5 DEF  |p 1314512  |r 2026-01-13 00:00:00  |t 2  |w 2017-08-03  |y BK 
999 |c 13458  |d 13458